Aya Nakamura - Comportement [paroles] - Statistiques

Statistiques générales
  • Ce quiz a été pris 100 fois
  • Le résultat moyen est 58 sur 115
Statistiques - réponses
Réponse % Correct
compor-
97%
bah
90%
j’ai
89%
le
89%
ouais
89%
“comportement”
87%
comportement
87%
me
86%
te
86%
dans
84%
dit
84%
ça
83%
à
81%
la
81%
les
81%
mon
80%
on
79%
j’suis
74%
mecs
69%
carré
67%
ce
67%
torse
67%
bombé
66%
calé
66%
ont
66%
plus
66%
VIP
66%
gérer
64%
gérer ?
64%
qui
64%
sera
64%
tu
64%
va
64%
ambiancé
63%
de
63%
faire
63%
fraîche ?
63%
l’affaire
63%
ah
61%
laissez
61%
belles
60%
fesses
60%
soir
60%
en
59%
collé
57%
pas
57%
bas
54%
voudra
54%
temps
53%
tes
53%
d’oseille
51%
haut
51%
il
51%
tous
51%
d’avoir
50%
ma
50%
gars
49%
poches
49%
remplies
49%
verras
49%
doucement
47%
oh
47%
mes
46%
est
44%
et
44%
m’guette
43%
no
43%
plaît
43%
s’il
43%
comme
40%
laissez-moi
40%
minuit
40%
d’habitude
39%
délire
37%
t’a
37%
tej
37%
ton
37%
trop
37%
mais
36%
mala
36%
oui
36%
tué
36%
manies
34%
mimiques
34%
tiens
34%
ceux
33%
connais
33%
titubes
33%
tuer
33%
vie
33%
fâcher ?
31%
fin
31%
gagné
31%
j’n’ai
31%
parler
31%
pourquoi
31%
peut
30%
auront
29%
stoppe
27%
(stoppe)
27%
(“stoppe”)
27%
dis-leur
26%
gamos
24%
ramé
24%
qu’auront
23%
yeah
23%
côté
21%
côtés
21%
j’aime
21%
marcher
21%
j’peux
20%
roulé
20%
mis
17%
problèmes
17%
hmm
4%
Aucun quiz correspondant
Distribution des résultats
% des personnes avec chaque résultat
Percentile par nombre de réponses
Votre historique - résultats
Vous n’avez pas pris ce quiz